000 00701nam a2200229Ia 4500
005 20250108125135.0
008 008 250107s9999 xx 000 0 eng d
020 _a978-93-5029-346-1
037 _aTB
040 _aCRL
_beng
_cCRL
041 _aeng
_2eng
084 _aY33.2'N R3
084 _qCRL
100 _aRamasamy Seenu Au.; Ramakrishnan Latha Tr.
_9730474
245 0 _aCat sleeping upon the complaint box
_cRamasamy Seenu Au.; Ramakrishnan Latha Tr.
260 _aChennai, India
_bNew Century Book House
_c3447
300 _a252p.
365 _aINR
_b1695
650 _aENGLISH LITERATUREENGLISH POETRY
_9729696
942 _cTB
_hY33.2'N R3
999 _c1235835
_d1235835